000
00272nam a22001217a 4500
008
170405b xxu||||| |||| 00| 0 eng d
020
_a
9780683302462
080
_2
2ND
_a
616.15
100
_a
9
101
_a
SHM
245
_a
HEMATOPATHOLOGY
_c
KNOWLES, D.M
942
_2
udc
_c
BK
999
_c
9879
_d
9879